Statistics for People in History A-Z #5

Click here to take the quiz!

General Stats

  • This quiz has been taken 14,728 times
    (14,495 since last reset)
  • The average score is 15 of 26

Answer Stats

Letter Hint Answer % Correct
WFirst president of the USAGeorge Washington
93%
DAuthor of "On the Origin of Species"Charles Darwin
93%
AGreek philosopher and student of PlatoAristotle
91%
JFounder of AppleSteve Jobs
91%
EU.S. President and WWII generalDwight D. Eisenhower
89%
P"The King of Rock and Roll"Elvis Presley
89%
NFrench conqueror of the 18th and 19th centuriesNapoleon
87%
REnglish king known as "The Lionheart"Richard I
85%
OAssassin of John F. KennedyLee Harvey Oswald
76%
HRoman emperor who built a wall in northern England/lower ScotlandHadrian
72%
M"Das Kapital" authorKarl Marx
71%
FSpanish dictator, 1939-1975Francisco Franco
71%
CPolish scientist who said the Earth revolves around the sunNicolaus Copernicus
69%
LTop confederate general during the U.S. Civil WarRobert E. Lee
66%
TPen name of Samuel ClemensMark Twain
57%
KCzech author who wrote "The Metamorphosis"Franz Kafka
51%
VPatron saint of courtly love and beekeepersSt. Valentine
42%
GHungarian actress married nine timesZsa-Zsa Gabor
42%
SFrench existential philosopher who refused his Nobel Prize in 1964Jean-Paul Sartre
41%
IPope who anulled the Magna CartaInnocent III
37%
QMexican-American actor who starred in "Zorba the Greek"
and "The Guns of Navarone"
Anthony Quinn
29%
BEnglishman sometimes called the father of the Scientific MethodFrancis Bacon
21%
ZWWII general. Most-decorated soldier in Soviet historyGeorgy Zhukov
20%
UAuthor of historical novels "Trinity" and "Exodus"Leon Uris
15%
XAnother student of Plato. Taught that virtue produces happinessXenocrates
5%
YMing dynasty emperor who launched the Treasure FleetYongle
3%

Score Distribution

Percentile by Number Answered

Percent of People with Each Score

Your Score History

You have not taken this quiz since the last reset